Prénom masculin le plus donné par année - Statistiques

Statistiques générales
  • Ce quiz a été pris 241 fois
  • Le résultat moyen est 21 sur 41
Statistiques - réponses
Année Prénom % Correct
2002 Lucas
68%
2003 Lucas
68%
2008 Lucas
68%
2009 Lucas
68%
2011 Lucas
68%
2012 Lucas
68%
2013 Lucas
68%
2014 Lucas
68%
2020 Léo
67%
1996 Thomas
56%
1997 Thomas
56%
1998 Thomas
56%
1999 Thomas
56%
2000 Thomas
56%
2001 Thomas
56%
2004 Enzo
49%
2005 Enzo
49%
2006 Enzo
49%
2007 Enzo
49%
1983 Julien
48%
1984 Julien
48%
1985 Julien
48%
1986 Julien
48%
1987 Julien
48%
1988 Julien
48%
2015 Gabriel
46%
2016 Gabriel
46%
2017 Gabriel
46%
2018 Gabriel
46%
2019 Gabriel
46%
1989 Kevin
46%
1990 Kevin
46%
1991 Kevin
46%
1992 Kevin
46%
1993 Kevin
46%
1994 Kevin
46%
1980 Nicolas
41%
1981 Nicolas
41%
1982 Nicolas
41%
1995 Nicolas
41%
2010 Nathan
35%
Aucun quiz correspondant
Distribution des résultats
% des personnes avec chaque résultat
Percentile par nombre de réponses
Votre historique - résultats
Vous n’avez pas pris ce quiz